000 00304nam a2200109Ia 4500
008 190912s9999||||xx |||||||||||||| ||und||
100 _aAnthony G Puxty
245 4 _aThe Social and Organizational Context of Management Accounting
260 _aLondon
_bPrentice Hall
_c1998
300 _a163
942 _cBK
999 _c7742
_d7742